000 00404nam a22001577a 4500
020 _a 978-1-292-12171-0
082 _a338.6
100 _aLipczynski, John
245 _aIndustrial Organization:
_bCompetition, Strategy and Policy
250 _a5th
260 _aHarlow:
_bPearson,
_c2017
300 _axxx, 847p.: ill.; 25cm
700 _aWilson, John O. S.
700 _aGoddard, John
942 _cBK
999 _c22224
_d22224